00519nam a22001577a 4500008004100000020001900041040001300060050002300073082001000096100002300106245005200129260008700181300003300268650001700301650004300318230419b |||||||| |||| 00| 0 eng d a97899785080407 aNLNbEng aDT515.83.I33bC534 a823.2 aCHIGBO, Enumaeaut aBorn to serve /cEnuma Chigbo and Ejiro Barrett aFCT, Abuja (Close road 341, Gwarinpa Estate) :bAfrican Agenda Publication,c2011. av, 206p. :bcol. ill.; 22cm. aImoke, Liyel aGovernorvCross River statexBiography